000 00795cab a22002055a 4500
001 L159127
008 160204e20160116xxk 000 0 eng d
035 _a(Sirsi) u159127
041 0 _aeng
100 1 _aHighmore, Sue
245 0 0 _aAgreements for lease
260 _c2016
490 _aEstates Gazette
_v(1602) 16 January 2016, 64-65(2)
520 _aFirst of three part series examines important aspects an agreement for lease should cover. Includes information concerning when to use an agreement for lease, the essential formalities of an agreement for lease, the minimum terms of an agreement for lease, other terms and setting the timeframes.
590 _aKA
651 4 _aUnited Kingdom
690 _aLandlord and tenant
_96252
690 _aLeasing/Letting
_96253
942 _n0
999 _c84809
_d84809